Năng lượng Việt Nam

में बचाया:
ग्रंथसूची विवरण
स्वरूप: पुस्तक
भाषा:Undetermined
प्रकाशित: Hà Nội Hiệp hội Năng lượng Việt Nam 2018
विषय:
टैग : टैग जोड़ें
कोई टैग नहीं, इस रिकॉर्ड को टैग करने वाले पहले व्यक्ति बनें!
Thư viện lưu trữ: Trung tâm Học liệu Trường Đại học Cần Thơ
LEADER 00598nam a2200181Ia 4500
001 CTU_234653
008 210402s9999 xx 000 0 und d
020 |c 0 
082 |a 333.79 
082 |b N116 
245 0 |a Năng lượng Việt Nam 
245 0 |c Hiệp hội Năng lượng Việt Nam 
260 |a Hà Nội 
260 |b Hiệp hội Năng lượng Việt Nam 
260 |c 2018 
650 |a Power resources,Trung tâm Học liệu ĐHCT,Tài nguyên năng lượng 
904 |i T.Trang 
980 |a Trung tâm Học liệu Trường Đại học Cần Thơ